| 000 | 00927nam a2200217Ii 4500 | ||
|---|---|---|---|
| 003 | JO-AjNU | ||
| 008 | 230605s9999||||xx |||||||||||||| ||und|| | ||
| 017 | _a2011/17520 | ||
| 020 | _a978-977-328-894-6 | ||
| 040 |
_aJO-AjNU _bara _erda _cJO-AjNU |
||
| 041 | _aara | ||
| 050 | 1 | 4 | _aHG203.A2222 2013 |
| 100 | 3 |
_aعبدالله، خبابه, _eauthor _944267 |
|
| 245 | 0 | 0 | _aالاقتصاد المصرفي: النقود- البنوك التجارية - البنوك الاسلامية - السياسة النقدية - الاسواق المالية - الازمة المالية |
| 264 | 3 | 1 | _aالاسكندرية: دار الجامعة الجديدة، 2013 |
| 300 |
_a390ص _bيحتوي على ببلوغرافية من 377-390ص |
||
| 336 |
_atext _btxt _2rdacontent |
||
| 337 |
_aunmediated _bn _2rdamedia |
||
| 338 |
_avolume _bnc _2rdacarrier |
||
| 650 | 4 |
_aالبنوك - النقود - اعمال مصرفية _944268 |
|
| 999 |
_aA19100 _c22668 _d22668 |
||